Lugares na Língua Nativa #1 - Statistics

Estatísticas Gerais
  • Esse quiz foi jogado 9 829 vezes
  • A pontuação média é 12 de 21
Estatísticas das Respostas
Nativa Português % Correto
Italia Itália
100%
Lisboa Lisboa
91%
Ciudad de México Cidade do México
90%
Venezia Veneza
87%
Deutschland Alemanha
84%
Kyїv Kiev
84%
Toscana Toscana
77%
München Munique
75%
Москва Moscovo
71%
La Habana Havana
70%
Bucureşti Bucareste
63%
Schweiz Suíça
60%
Bretagne Bretanha
52%
Warszawa Varsóvia
50%
Torino Turim
42%
Österreich Áustria
34%
Corse Córsega
28%
Al-Qāhira Cairo
16%
Den Haag A Haia
12%
Krung Thep Banguecoque
10%
Lefkoşa Nicosia
8%
Nenhum quiz correspondente encontrado
Distribuição das Pontuações
Porcentagem de Pessoas com Cada Pontuação
Percentil de Números Respondidos
Sua Pontuação Histórica
Você não jogou esse quiz